| 000 | 00424cam a2200169ua 4500 | ||
|---|---|---|---|
| 020 | _c1.75 | ||
| 041 |
_amal _h |
||
| 082 |
_a894.81209 _bNAR/AS |
||
| 100 | _aNarayan Pillai, P.K . | ||
| 245 |
_aAsante Hrudayam / _cP.K.Narayan Pillai. _hTextual Documents |
||
| 260 |
_aThrissur : _bBharatiya Sahitya Samithi , _c1968. |
||
| 300 | _a90 ; . | ||
| 365 | _a1.75 | ||
| 504 | _a | ||
| 942 | _cBK | ||
| 999 |
_c11459 _d11459 |
||